|
|
|
|
| LEADER |
00000nab a2200000 ar4500 |
| 001 |
vtls009941408 |
| 003 |
SK-MaSNL |
| 005 |
20260303045139.0 |
| 008 |
090820c2009 xo |||||||||||000 b|eng |
| 015 |
|
|
|a SNBRB2009/08
|2 snkbucl
|
| 038 |
|
|
|a SNKBUCL
|
| 040 |
|
|
|a SNKBUCL
|b slo
|c SNKBUCL
|e AACR2
|
| 041 |
1 |
|
|a eng
|b eng
|b slo
|
| 044 |
|
|
|a xo
|c SK
|
| 080 |
|
|
|a 635.64
|2 1997
|
| 080 |
|
|
|a 631.82
|2 1997
|
| 100 |
1 |
|
|a Pokluda, Robert,
|d 1970-
|4 aut
|9 264704
|
| 245 |
1 |
0 |
|a Effect of Amalgerol on selected yield parameters of tomato production
|c Robert Pokluda
|
| 246 |
3 |
1 |
|a Vplyv Amalgerolu na vybrané parametre úrody pri pestovaní rajčiaka jedlého
|
| 300 |
|
|
|b Obr., tab.
|
| 504 |
|
|
|a Bibliogr. odkazy
|
| 546 |
|
|
|a Res. angl., slov.
|
| 650 |
0 |
7 |
|a pôdne kondicionéry
|2 snkbucl
|9 29185
|
| 650 |
0 |
7 |
|a rajčiak jedlý
|2 snkbucl
|9 920
|
| 650 |
0 |
7 |
|a úroda
|2 snkbucl
|9 506412
|
| 650 |
0 |
7 |
|a Amalgerol (pôdny kondicionér)
|2 snkbucl
|9 1035322
|
| 773 |
0 |
|
|t Acta horticulturae et regiotecturae
|g Roč. 12, Mimoriadne číslo (2009), s. 210-212
|x 1335-2563
|
| 852 |
|
|
|a SNK
|b KIS3GCP
|
| 958 |
|
|
|a NB
|
| 999 |
|
|
|c 1702737
|d 1704667
|